Entrenamiento en Habilidades Sociales para Menores Infractores /

Esta investigación pretende mejorar el funcionamiento de los centros de custodia promoviendo el mejoramiento de las relaciones interpersonales entre los jóvenes infractores y el personal.

Guardado en:
Detalles Bibliográficos
Autor principal: Vidrio Ortegón, Gabriela de Jesús (autor)
Otros autores: Lliteras León, Martha (autor) (autor)
Formato: Tesis Libro
Idioma:Español
Publicado: Guadalajara, México : edición de autor, 1988
Temas:
Etiquetas: Agrega una etiqueta
Sin etiquetas, Sé el primero en etiquetar este registro!

MARC

LEADER 00000nam^a2200000^a^4500
001 000043453
005 20250521000000.0
009 20260310085813.879
037 |a Acervo ITESO - Biblioteca 
041 |a ESP 
090 |a PSI. 163 
100 |a Vidrio Ortegón, Gabriela de Jesús  |e (autor) 
245 1 0 |a Entrenamiento en Habilidades Sociales para Menores Infractores /  |c G.J. Vidrio Ortegón, M. Lliteras León. 
264 1 |a Guadalajara, México :  |b edición de autor,  |c 1988 
300 |a 139 p. 
336 |a texto  |b txt  |2 rdacontenido 
337 |a sin mediación  |b n  |2 rdamedio 
338 |a volumen  |b nc  |2 rdasoporte 
502 |a ITESO Tesis de Licenciatura en Psicología 
520 |a Esta investigación pretende mejorar el funcionamiento de los centros de custodia promoviendo el mejoramiento de las relaciones interpersonales entre los jóvenes infractores y el personal. 
649 |a XX 
650 |a Psicología Criminal 
650 |a Delincuencia Juvenil 
700 |a Lliteras León, Martha  |e (autor) 
910 |a Fondo General 
920 |a Impresos - Tesis del ITESO 
930 |a Colección General 
905 |a 104 
901 |a T002110100  |b IT2  |c TSS  |i 800211  |u 20250521 
902 |a https://opac.biblio.iteso.mx/vufind/Record/000043453